FUNDAMENTALS OF APPLIED STATISTICS (Record no. 25229)

MARC details
000 -LEADER
fixed length control field 00323nam a22001457a 4500
003 - CONTROL NUMBER IDENTIFIER
control field SGT
020 ## - INTERNATIONAL STANDARD BOOK NUMBER
International Standard Book Number 9788180547058
082 ## - DEWEY DECIMAL CLASSIFICATION NUMBER
Classification number 519
Item number GUP
100 ## - MAIN ENTRY--PERSONAL NAME
Personal name GUPTA ,S ,C
245 ## - TITLE STATEMENT
Title FUNDAMENTALS OF APPLIED STATISTICS
260 ## - PUBLICATION, DISTRIBUTION, ETC. (IMPRINT)
Place of publication, distribution, etc NEW DELHI
Name of publisher, distributor, etc SULTAN CHAND
Year of Publication 2023
300 ## - PAGE DESCRIPTION
No. of Pages 974
650 ## - SUBJECT ADDED ENTRY--TOPICAL TERM
Topical term or geographic name as entry element SCIENCE
942 ## - ADDED ENTRY ELEMENTS (KOHA)
Source of classification or shelving scheme Dewey Decimal Classification
Koha item type Books
942 ## - ADDED ENTRY ELEMENTS (KOHA)
-- 50
Holdings
Withdrawn status Lost status Source of classification or shelving scheme Damaged status Not for loan Home library Current library Date acquired Vendor Name Cost, normal purchase price SGTU Bill Number Total Checkouts Full call number Accession No. (Barcode) Date last seen Date last borrowed Bill Date Koha item type Total Renewals
    Dewey Decimal Classification     SGT Science & Social Sciences Library SGT Science & Social Sciences Library 31/10/2023 ABC 625.00 SGTU 17626 17 519 GUP PS7018 25/02/2025 25/02/2025   Books  
    Dewey Decimal Classification     SGT Science & Social Sciences Library SGT Science & Social Sciences Library 31/10/2023 ABC 625.00 SGTU 17626 6 519 GUP PS7019 30/08/2025 18/08/2025   Books 1
    Dewey Decimal Classification     SGT Science & Social Sciences Library SGT Science & Social Sciences Library 31/10/2023 ABC 625.00 SGTU 17626 14 519 GUP PS7020 06/10/2025 22/09/2025   Books  
    Dewey Decimal Classification   Not For Loan SGT Science & Social Sciences Library SGT Science & Social Sciences Library 31/10/2023 ABC 625.00 SGTU 17626   519 GUP PS7021 31/10/2023     Books  
    Dewey Decimal Classification     SGT Science & Social Sciences Library SGT Science & Social Sciences Library 31/10/2023 ABC 625.00 SGTU 17626 20 519 GUP PS7022 14/10/2025 23/09/2025   Books